LEADER 01239nam a2200217 i 4500 001 000000018753 003 CaOOAMICUS 005 20250507125312.0 008 180830s19681975it u000 u ita u 040 $aSeMil$bita 110 2 $aUniversità Cattolica del Sacro Cuore : Istituto di Storia medievale.$0(OLS)http://semarc/name/8411 245 10$aContributi dell'Istituto di storia medioevale. 264 1$aMilano :$bVita e Pensiero,$c1968-1975. 300 $a3 . ;$c22 cm. 650 4$aStoria medievale.$0(OLS)http://semarc/subject/1015 774 0 $tVol. 1.$dMilano : Vita e Pensiero, 1968.$kPubblicazioni dell'Università cattolica del Sacro Cuore. Ser. 3., Scienze storiche. Contributi$w()166953 774 0 $tVol. 2.$dMilano : Vita e Pensiero, 1972.$kPubblicazioni dell'Università cattolica del Sacro Cuore. Ser. 3., Scienze storiche. Contributi$w()84115 774 0 $tVol. 3.$dMilano : Vita e Pensiero, 1975.$kPubblicazioni dell'Università cattolica del Sacro Cuore. Ser. 3., Scienze storiche. Contributi$w()166749 996 $6245$aContributi dell'Istituto di storia medioevale$9(OLS)http://semarc/title/24673 996 $6264$aMilano :$bVita e Pensiero$9(OLS)http://semarc/publisher/29642 LEADER 00482naa a2200133 i 4500 001 000000294291 003 CaOOAMICUS 005 20180831172503.0 008 180831n xx u000 u und u 013 $a1571 040 $aSeMil$bita 100 1 $aDoignon, Jean.$0(OLS)http://semarc/name/8769 245 13$aLe pape Libère et sa formulation juridique de la transmission de la foi. 996 $6245$aLe pape Libère et sa formulation juridique de la transmission de la foi$9(OLS)http://semarc/title/370377